00849nam a2200193 a 4500008004100000050001900041100004300060245010100103260003200204300001400236350000900250490004700259650003300306650003200339700004000371995009200411999001700503952013500520120416s1965 ||||||||||||||||| || u aQE 33.2.M3 Kru aKrumbein, William Christian, 1902-197913aAn introduction to statistical models in geologyc[by] W.C. Krumbein [and] Franklin A. Graybill. aNew YorkbMcGraw-Hillc1965 axi, 475p. a0.00 aInternational series in the earth sciences aGEOLOGY--STATISTICAL METHODS aGEOLOGY--STUDY AND TEACHING aGraybill, Franklin A., joint author D0.00FCBU-MAIN LIBRARY (Kitwe)H1I4.95UAVAILABLEZMain Library Open Access Collection c48006d48006 00102lcc4070a001b001cMain Library Open Access Collectiond2022-11-30l0oQE 33.2.M3 Krup013072r2022-11-30w2022-11-30y002